L'art de la disertation philosophique /

Guardado en:
書目詳細資料
主要作者: Huisman, Denis (autor)
格式: 圖書
語言:法语
版:3a edición
主題:
標簽: 添加標簽
沒有標簽, 成為第一個標記此記錄!

MARC

LEADER 00000nam^a2200000^a^4500
001 000260904
005 20250521000000.0
009 20260310110452.307
037 |a Acervo Xavier Clavigero 
041 |a FRA 
082 |a 100.  |b HUI 
100 |a Huisman, Denis  |e (autor) 
245 1 1 |a L'art de la disertation philosophique /  |c D. Huisman. 
250 |a 3a edición 
264 |a París, Francia :  |b Société d'Edition d'Enseignement Supérieur,  |c 1958 
300 |a 325 p. 
336 |a texto  |b txt  |2 rdacontenido 
337 |a sin mediación  |b n  |2 rdamedio 
338 |a volumen  |b nc  |2 rdasoporte 
649 |a XX 
650 |a Argumentación 
650 |a Razonamiento Lógico 
650 |a Lógica 
650 |a Epistemología 
650 |a Etica 
650 |a Psicología 
650 |a Sociología 
650 |a Filosofía -  |x Generalidades -  |x Tema Principal 
910 |a Fondo General 
920 |a Impresos - Libros 
930 |a Colección General 
905 |a 101 
901 |a 053002  |b IT1  |c ACC  |u 20250521 
902 |a https://opac.biblio.iteso.mx/vufind/Record/000260904